Lee y escribe : escritura I : educación preescolar

Saved in:
Bibliographic Details
Main Author: Lozano Crisantos, Daniel .
Format: Book
Language:Spanish
Published: Madrid : Anaya, 1978
Textbook Catalogue:MANES:  Library Catalog Search Result
Textbook Classification:
Subjects:
Tags: Add Tag
No Tags, Be the first to tag this record!
Added to:2019-02-09
Changed in:2025-05-07

MARC

LEADER 00000cam a2200000 4500
005 20250507134500.0
008 190210S1978 0espa p 0000 00spa0d
020 |a 8420713392 
040 |a uned  |b spa  |c entro-manes 
041 0 |a spa 
100 2 |a Lozano Crisantos, Daniel .  |9 39134 
245 1 0 |a Lee y escribe :  |b escritura I : educación preescolar  |c Daniel Lozano Crisantos 
260 |a Madrid :  |b Anaya,  |c 1978 
300 |a 96 p. :  |b il. 
546 |a España 
561 |5 es-BUNED  |3 L.T.M. 0125  |a España. Fondo Manes UNED  |k MANES 
690 0 |a EyL 
650 7 |a Material didáctico 
691 0 |a IN 
942 |2 ddc  |c BK 
999 |c 95460  |d 95460 
999 |c manes:95460  |d 95460